Latin Word | English Word |
cedo, ere, cessi, cessum | I yield | | 91.2% | auxilium, i n. | help | | 84.2% | audax, acis | bold | | 80.7% | auctor, is m. | author | | 77.2% | audio | I hear | | 77.2% | bellum, i n. | war | | 77.2% | bene | well | | 77.2% | bonus, a, um | good | | 77.2% | aurum, i n. | gold | | 73.7% | brevis, e | short | | 73.7% | aut....aut.... | either...or | | 71.9% | bibo, ere, bibi | I drink | | 71.9% | avis, is f. | bird | | 70.2% | canis, is m. | dog | | 70.2% | caelum, i n. | sky | | 68.4% | caput, itis n. | head | | 66.7% | auctoritatis, f. | authority | | 64.9% | castra, orum n. pl. | camp | | 64.9% | celer, is, e | quick | | 64.9% | bos, bovis c. | ox | | 63.2% | cena, ae f. | dinner | | 63.2% | autem | but | | 61.4% | barba, ae f. | beard | | 61.4% | capio, ere, cepi, captum | I capture | | 59.6% | cibus, i m. | food | | 59.6% | barbarus, a, um | barbarian | | 57.9% | audacia, ae f. | boldness | | 54.4% | causa, ae f. | cause | | 54.4% | certus, a, um | certain | | 54.4% | cado, ere, cecidi, casum | I fall | | 52.6% | calor, is m. | heat | | 52.6% | cano, ere, cecini, cantum | I sing | | 52.6% | captivus, a, um | captive | | 52.6% |
|
Latin Word | English Word |
candidus, a, um | bright | | 47.4% | carus, a, um | dear | | 47.4% | celo | I hide | | 47.4% | augeo, ere,auxi, auctum | I increase | | 45.6% | auris, is f. | ear | | 45.6% | benigne | kindly | | 45.6% | caedes, is f. | slaughter | | 45.6% | carcer, is m. | prison | | 43.9% | casus, us m. | fall | | 43.9% | aura, ae f. | air | | 42.1% | certe | certainly | | 42.1% | bona, orum n. pl. | goods | | 40.4% | carmen, inis n. | song | | 40.4% | ceteri, ae, a | the rest | | 40.4% | bellus, a, um | pretty | | 38.6% | calamitas, atis f. | disaster | | 38.6% | capillus, i m. | hair | | 38.6% | cervix, icis f. | neck | | 38.6% | beneficium, i n. | kindness | | 36.8% | caedo, ere, cedidi, caesum | I cut | | 36.8% | Boraeas, Borae m. | North wind | | 35.1% | catellum, i n. | fort | | 35.1% | causa +gen | for the sake of | | 35.1% | cingo, ere, xi, ctum | I surround | | 35.1% | brevitas, atis f. | shortness | | 33.3% | campus, i m. | plain | | 33.3% | certiorem facio | I inform | | 33.3% | celeritas, atis f. | speed | | 31.6% | balineum, i n. | bath | | 29.8% | ceno | I dine | | 29.8% | aufero, auferre, abstuli, ablatum | I carry away | | 28.1% | celebro | I celebrate | | 28.1% | avarus, a, um | greedy | | 26.3% |
|
Latin Word | English Word |
careo +abl | I lack | | 26.3% | cerno, ere, crevi, cretum | I perceive | | 26.3% | auxilior, ari +dat. | I assist | | 24.6% | averto, ere, verti, versum | I turn away | | 24.6% | cinis, eris m. | ash | | 24.6% | attribuo, ere, tribui, tributum | I assign | | 22.8% | baculum, i n. | stick | | 22.8% | caecus, a, um | blind | | 22.8% | casa, ae f. | cottage | | 22.8% | casu | by chance | | 22.8% | celsus, a, um | high | | 22.8% | pro certo habeo | I am certain | | 22.8% | auxilia, orum n. pl. | reinforcements | | 21.1% | beatus, a, um | blessed | | 21.1% | biennium, i n. | a period of two years | | 21.1% | castus,a, um | chaste | | 21.1% | avus, i m. | grandfather | | 19.3% | benefactum, i n. | good deed | | 19.3% | biduum, i n. | a period of two days | | 19.3% | capra, ae f. | she-goat | | 17.5% | cautus, a, um | cautious | | 17.5% | certamen, inis n. | struggle | | 17.5% | caveo, ere, cavi, cautum | I beware | | 15.8% | celeber, ris, re | crowded | | 15.8% | censeo, ere, censui, censum | I vote | | 15.8% | cacumen, inis n. | top | | 14% | caespes, itis m. | turf | | 14% | campester, ris, re | flat | | 14% | celero | I quicken | | 14% | canites, ei f. | grey hair | | 12.3% | certo | I contend | | 8.8% | caterva, ae f. | crowd | | 7% | cesso | I linger | | 7% |
|
Comments